| 000 | 01835nam a2200313 i 4500 | ||
|---|---|---|---|
| 001 | 000016698 | ||
| 003 | DO-SdBNP | ||
| 005 | 20251028111927.0 | ||
| 007 | ta | ||
| 008 | 100309s1974 dr 000 0 spa d | ||
| 040 |
_aDO-SdBNP _bspa _cBNPHU _erda |
||
| 041 | _aspa | ||
| 082 | 4 |
_a465 _bB171a _222 |
|
| 100 | 1 |
_a Balaguer, Joaquín, _d1906-2002 _eautor _976556 |
|
| 245 | 1 | 0 |
_aApuntes para una historia prosódica de la métrica castellana / _cJoaquín Balaguer. |
| 264 |
_aSanto Domingo : _bTalleres Fuentes Impresores, _c1974 |
||
| 300 |
_a209 páginas ; _c24 cm. |
||
| 336 |
_ardacontent _btexto _2txt |
||
| 337 |
_ardamedia _bsin mediación _2n |
||
| 338 |
_ardacarrier _bvolumen _2nc |
||
| 500 | _aIncluye datos biográficos del autor en las solapas de las cubierta. | ||
| 504 | _aIncluye referencias bibliográficas y notas al pie de las páginas. | ||
| 505 |
_aPrefacio. _tLas ideas de Nebrija acerca de la versificación castellana.-- _tLa verdadera teoría de verso de arte mayor.-- _tLa doctrina de Andrés Bello.-- _tLa teoría de Hansen.-- _tTeoría de Morel Fatio.-- _tLa teoría de Foulché Delbosc.-- _tCarácter indígena del arte mayor.-- _gI (109). -II (123). III (132). _tEvolución del verso de arte mayor.-- _tDel arte de Juan de Mena al de Rubén Darío.-- _tEl endecasílabo de arte mayor y el endecasílabo italiano.-- _tPalabras con dos acentos rítmicos.-- _tLa acentuación de los monosílabos en la versificación castellana. _gI (205).-II (216). _tLa dislocación del acento en el verso castellano.-- _tEn torno a un pretendido vicio prosódico de los poetas hispanos americanos. _gI (245) .-II (253) .-III (256) .-IV (263) .- V (267). |
||
| 590 | _aInventariado 2023 / MF | ||
| 650 | 4 |
_aEspañol _xVersificación _921815 |
|
| 650 | 4 |
_aVersificación _xArte de Escribir _915435 |
|
| 910 | _aMF | ||
| 942 |
_2ddc _cLBS1 |
||
| 999 |
_c16231 _d16231 |
||